000 01291nam0a22002771 4500
001 rc\742392
005 20250622114702.0
035 _a(NLR Aleph) 006271762
090 _a6956883
_c6956883
100 _a20040301d1985 |||y0rusy50 ca
101 0 _arus
102 _aRU
105 _aa |||||||||
200 1 _aМетоды разработки комплексно-механизированных технологических процессов производства земляных работ
_f[К. т. н. Теличенко В.И., инж. Комиссаров С.В.]
210 _aМ.
_cВНИИС
_d1985
215 _a65 с.
_cил.
_d20
225 1 _aСтроительство и архитектура
_hСерия 13
_iТехнология строительно-монтажных работ
_eОбзор. информ.
_fВНИИ по стр-ву и архитектуре
_vВып. 1
300 _aВ надзаг. также: Госстрой СССР
320 _aБиблиогр.: с. 61-64
700 1 _aТеличенко
_bВ.И.
_gВалерий Иванович
701 1 _aКомиссаров
_bС.В.
_gСергей Владимирович
801 0 _aRU
_bNLR
_gpsbo
801 1 _aRU
_bELAR
_2rusmarc
852 _aNLR
_jП10/5967
942 _cBOOK
980 _aNB